Permeace toxických látek materiály OOP v teorii a praxi /

Main Author: Slabotinský, Jiří, 1945-
Other Authors: Vaněk, Jakub
Language: Czech
Published: V Ostravě : Sdružení požárního a bezpečnostního inženýrství, 2020
Edition: 1. vydání
Series: Spektrum (Sdružení požárního a bezpečnostního inženýrství). Červená řada
Subjects:
Physical Description: 146 stran : ilustrace (některé barevné) ; 21 cm
Language note: České a anglické resumé
Book
Saved in:
LEADER 02211cam a2200613 i 4500
001 nkc20213322163
003 CZ PrNK
005 20210728122041.0
007 ta
008 210310s2020 xr a f 000 0 cze d
015 |a cnb003322163 
020 |a 978-80-7385-236-8  |q (brožováno) 
035 |a (OCoLC)1263275854 
040 |a KLG001  |b cze  |d BOA001  |e rda 
041 0 |a cze  |b cze  |b eng 
072 7 |a 614.8  |x Úrazy a jejich prevence  |2 Konspekt  |9 14 
080 |a 620.266.1  |2 MRF 
080 |a 620.26  |2 MRF 
080 |a 678.7  |2 MRF 
080 |a 614.89  |2 MRF 
080 |a 613  |2 MRF 
080 |a (048.8)  |2 MRF 
100 1 |a Slabotinský, Jiří,  |d 1945-  |7 mzk2006368317  |4 aut 
245 1 0 |a Permeace toxických látek materiály OOP v teorii a praxi /  |c Jiří Slabotinský, Jakub Vaněk 
250 |a 1. vydání 
264 1 |a V Ostravě :  |b Sdružení požárního a bezpečnostního inženýrství,  |c 2020 
300 |a 146 stran :  |b ilustrace (některé barevné) ;  |c 21 cm 
336 |a text  |b txt  |2 rdacontent 
337 |a bez média  |b n  |2 rdamedia 
338 |a svazek  |b nc  |2 rdacarrier 
490 1 |a SPBI Spektrum. Červená řada ;  |v 104. 
500 |a Terminologický slovník 
504 |a Obsahuje bibliografii 
546 |a České a anglické resumé 
650 0 7 |a toxické látky  |7 ph126698  |2 czenas 
650 0 7 |a nebezpečné látky  |7 ph123182  |2 czenas 
650 0 7 |a polymery  |7 ph124310  |2 czenas 
650 0 7 |a prostředky osobní ochrany  |7 ph124660  |2 czenas 
650 0 7 |a ochrana zdraví  |7 ph123667  |2 czenas 
650 0 9 |a toxic substances  |2 eczenas 
650 0 9 |a hazardous substances  |2 eczenas 
650 0 9 |a polymers  |2 eczenas 
650 0 9 |a personal protective equipment  |2 eczenas 
650 0 9 |a health protection  |2 eczenas 
655 7 |a monografie  |7 fd132842  |2 czenas 
655 9 |a monographs  |2 eczenas 
700 1 |a Vaněk, Jakub  |7 hka20211108993  |4 aut 
830 0 |a Spektrum (Sdružení požárního a bezpečnostního inženýrství).  |p Červená řada  |0 s 
910 2 |a BOA001  |b 2-1468.408 
920 |a 1323008  |z KLG001 
990 |a BK 
995 |a 01 
991 |b 202106  |c NOV 
996 6 |b 2610868186  |c 2-1468.408  |l MZK  |r Sklad / do 1 hodiny  |n 1  |p p.v.  |w 001853533  |u 000010  |a 1  |e BOA001  |j MZK50  |s P